Strategie současných transnacionálních korporací a jejich vliv na stabilitu světového finančního systému - ekonomický růst a nová ekonomika

Koncepcia ekonomického rozvoja a rastu. Technologické zmeny a ekonomický rast. Tri fázy vývoja svetového hospodárstva. Charakteristika novej ekonomiky. Kreatívna deštrukcia.

Guardado en:
Detalles Bibliográficos
Autor principal: Prachař, Jan
Formato: Capítulo de libro
Lenguaje:checo
Materias:
Etiquetas: Agregar Etiqueta
Sin Etiquetas, Sea el primero en etiquetar este registro!

MARC

LEADER 00000nla$a2200000$$$4500
001 0142029
005 20221107085242.6
041 0 |a cze 
044 |a CZ 
245 1 0 |a Strategie současných transnacionálních korporací a jejich vliv na stabilitu světového finančního systému - ekonomický růst a nová ekonomika  |c Jan Prachař 
520 |a Koncepcia ekonomického rozvoja a rastu. Technologické zmeny a ekonomický rast. Tri fázy vývoja svetového hospodárstva. Charakteristika novej ekonomiky. Kreatívna deštrukcia. 
610 2 0 |a hospodárstvo svetové 
610 2 0 |a rast hospodársky 
610 2 0 |a rozvoj hospodársky 
610 2 0 |a ekonomika nová 
610 2 0 |a hospodárstvo trhové 
610 2 0 |a kríza 
610 2 0 |a recesia 
100 1 |a Prachař, Jan